| 000 | 00569nam a22001337a 4500 | ||
|---|---|---|---|
| 040 | _cRUA | ||
| 082 | _aAGI CHH 2012 B527 Or.1 | ||
| 100 | _aCHHUN SENGHAK: ឈុន សេងហាក់ | ||
| 245 | _aDetection of coliform and escherichia coli in ready-to-eat khmer noodle in phnom penh; ការវិភាគរក Coliform និង Escherichia coli នៅក្នុងនំបញ្ចុក នៅរាជធានីភ្នំពេញ | ||
| 260 |
_aPhnom Penh _bCHH _c2015 |
||
| 300 |
_aviii:37p. _bill. _c29cm. |
||
| 856 | _uCHHUN SENGHAK | ||
| 942 | _cAGI | ||
| 999 |
_c10584 _d10584 |
||